000 00825cam a2200265 i 4500
001 64675
003 Mx-PuUPA
005 20220910101348.0
008 160405s2018 sp a g 000 f spa d
020 _a9786078550838
040 _aMx-PuUPA
_cMx-PuUPA
_erda
_dMx-PuUPA
_bspa
041 0 _aspa
100 1 _913273
_aAlvarez Horn, Hildegard Ivonne,
_eautor
245 1 0 _aMercadotecnia al alcance de todos /
_cHildegard Ivonne Alvarez Horn
250 _a1a edición
264 1 _aCiudad de México :
_bGrupo Rodrigo Porrúa,
_c2018
300 _a143 páginas ;
_c21 cm
336 _atexto
_btxt
_2rdacontent
337 _2rdamedia
_asin medio
_bn
338 _2rdacarrier
_avolumen
_bnc
650 7 _2armarc
_aMercadeo
942 _cLI
_2ddc
_h658.8
_iA472
999 _c64675
_d64675